[Event "VIE-chT (Women)"]
[Site "Ho Chi Minh City"]
[Date "2019.09.30"]
[Round "7.24"]
[White "Nguyen, Thi Thuy Quyen"]
[Black "Dang, Le Xuan Hien"]
[Result "1-0"]
[WhiteElo "1544"]
[BlackElo "1340"]
[PlyCount "67"]
[EventDate "2019.09.26"]
[EventType "swiss"]
[EventRounds "9"]
[EventCountry "VIE"]
[SourceTitle "EXT 2020"]
[Source "ChessBase"]
[SourceDate "2019.10.17"]
[SourceVersion "1"]
[SourceVersionDate "2019.10.17"]
[SourceQuality "1"]

1. d4 d5 2. Nf3 Nf6 3. c4 c6 4. e3 Bf5 5. Nc3 e6 6. cxd5 exd5 7. Bd3 Bxd3 8. Qxd3 Bd6 9. 0-0 0-0 10. Re1 Nbd7 11. e4 dxe4 12. Nxe4 Nxe4 13. Rxe4 Re8 14. Bg5 Be7 15. Bxe7 Rxe7 16. Rxe7 Qxe7 17. Re1 Qd8 18. h4 Nf6 19. Qf5 Qb6 20. b3 Qb4 21. Re2 Rd8 22. g4 Qd6 23. g5 Nd5 24. Ne5 Qc7 25. h5 Nc3 26. Re3 Nb5 27. g6 hxg6 28. hxg6 Nd6 29. Qh5 fxg6 30. Qxg6 Qc8 31. Rg3 Qc7 32. Rh3 Nf7 33. Qh7+ Kf8 34. Rf3 1-0

[Event "VIE-chT (Women)"]
[Site "Ho Chi Minh City"]
[Date "2019.09.29"]
[Round "6.31"]
[White "Dang, Le Xuan Hien"]
[Black "Nguyen, Thi Kieu"]
[Result "1-0"]
[WhiteElo "1340"]
[BlackElo "1196"]
[PlyCount "73"]
[EventDate "2019.09.26"]
[EventType "swiss"]
[EventRounds "9"]
[EventCountry "VIE"]
[SourceTitle "EXT 2020"]
[Source "ChessBase"]
[SourceDate "2019.10.17"]
[SourceVersion "1"]
[SourceVersionDate "2019.10.17"]
[SourceQuality "1"]

1. d4 Nf6 2. c4 g6 3. Nc3 Bg7 4. e4 d6 5. h3 0-0 6. Nf3 b6 7. Be3 Bb7 8. Bd3 Nbd7 9. 0-0 e5 10. d5 Ba6 11. Qa4 Bb7 12. Qc2 Nc5 13. Be2 a5 14. Nd2 c6 15. Nb3 cxd5 16. cxd5 Ba6 17. Bxa6 Rxa6 18. Nxc5 bxc5 19. Nb5 Qd7 20. a4 Ne8 21. Ra3 f5 22. exf5 Rxf5 23. Qc4 Ra8 24. Rb3 Rf8 25. Bd2 Nc7 26. Nxc7 Qxc7 27. Rb5 Rfb8 28. Rc1 Rxb5 29. axb5 Qb6 30. Ra1 Bf6 31. Qa4 Bd8 32. Ra3 Qb7 33. Qg4 Qf7 34. Rf3 Qxd5 35. Bh6 Be7 36. Qd7 Rf8 37. Qxe7 1-0

[Event "VIE-chT (Women)"]
[Site "Ho Chi Minh City"]
[Date "2019.09.27"]
[Round "2.23"]
[White "Chau, Thi Ngoc Giao"]
[Black "Dang, Le Xuan Hien"]
[Result "1-0"]
[WhiteElo "2137"]
[BlackElo "1340"]
[PlyCount "45"]
[EventDate "2019.09.26"]
[EventType "swiss"]
[EventRounds "9"]
[EventCountry "VIE"]
[SourceTitle "EXT 2020"]
[Source "ChessBase"]
[SourceDate "2019.10.17"]
[SourceVersion "1"]
[SourceVersionDate "2019.10.17"]
[SourceQuality "1"]

1. d4 d5 2. Nf3 Nf6 3. Bf4 e6 4. e3 Be7 5. Bd3 0-0 6. 0-0 c5 7. dxc5 Bxc5 8. Nbd2 Nbd7 9. Qe2 Re8 10. Bg5 h6 11. Bh4 Be7 12. c3 Nc5 13. Bc2 b6 14. Rfd1 Ba6 15. c4 Qc7 16. Rac1 Rac8 17. Nd4 Qb8 18. Bxf6 Bxf6 19. b4 Nd7 20. Ba4 Rc7 21. Nc6 Bb7 22. Nxb8 Rxb8 23. cxd5 1-0

[Event "VIE-chT (Women)"]
[Site "Ho Chi Minh City"]
[Date "2019.09.27"]
[Round "3.29"]
[White "Dang, Le Xuan Hien"]
[Black "Nguyen, Thuy Duong"]
[Result "0-1"]
[WhiteElo "1340"]
[BlackElo "1824"]
[PlyCount "104"]
[EventDate "2019.09.26"]
[EventType "swiss"]
[EventRounds "9"]
[EventCountry "VIE"]
[SourceTitle "EXT 2020"]
[Source "ChessBase"]
[SourceDate "2019.10.17"]
[SourceVersion "1"]
[SourceVersionDate "2019.10.17"]
[SourceQuality "1"]

1. d4 Nf6 2. c4 e6 3. Nc3 d5 4. cxd5 exd5 5. Bg5 Be7 6. e3 Bf5 7. Qb3 Nbd7 8. Nf3 Nb6 9. Be2 c6 10. 0-0 h6 11. Bh4 0-0 12. Ne5 Ne4 13. Bxe7 Qxe7 14. Nxe4 Bxe4 15. Bd3 Bxd3 16. Qxd3 Nd7 17. Nxd7 Qxd7 18. Rad1 Qe6 19. Rfe1 Rfe8 20. f3 f5 21. Kf2 Kf7 22. h4 h5 23. Rh1 Rh8 24. Rc1 Rh6 25. Qb3 Rb8 26. Rc2 Qd6 27. Qd3 Kf6 28. Rh3 Rg6 29. g3 Qe6 30. Rh2 Re8 31. Rc3 Qd6 32. Rg2 Qd7 33. Ra3 Ra8 34. Rb3 Re8 35. Qc3 b6 36. Qb4 Qe7 37. Qa4 Kf7 38. Ra3 a5 39. Qb3 b5 40. Qc2 Qd6 41. Rd3 Qe7 42. Rg1 Re6 43. Re1 f4 44. Qd2 fxg3+ 45. Kxg3 Rg6+ 46. Kh3 Qe6+ 47. Kh2 Qf6 48. Rc1 Rg4 49. Kh3 Re6 50. a3 g5 51. hxg5 Rxg5 52. Rxc6 Qf5+ 0-1

[Event "VIE-chT (Women)"]
[Site "Ho Chi Minh City"]
[Date "2017.07.27"]
[Round "6.37"]
[White "Dang, Le Xuan Hien"]
[Black "Ho, Ngoc Vy"]
[Result "1/2-1/2"]
[WhiteElo "1925"]
[BlackElo "1891"]
[PlyCount "117"]
[EventDate "2017.07.24"]
[EventType "team-swiss"]
[EventRounds "9"]
[EventCountry "VIE"]
[SourceTitle "EXT 2019"]
[Source "ChessBase"]
[SourceDate "2018.10.10"]
[SourceVersion "1"]
[SourceVersionDate "2018.10.10"]
[SourceQuality "1"]

1. d4 d5 2. Nf3 Nf6 3. g3 c6 4. Bg2 Bf5 5. 0-0 e6 6. b3 Be7 7. Bb2 h6 8. Nbd2 0-0 9. c4 Nbd7 10. c5 b6 11. b4 a5 12. a3 Qb8 13. Bc3 axb4 14. axb4 bxc5 15. bxc5 Rxa1 16. Qxa1 Ne4 17. Nxe4 Bxe4 18. Nd2 Bxg2 19. Kxg2 Bf6 20. e4 e5 21. exd5 cxd5 22. c6 exd4 23. Bxd4 Bxd4 24. Qxd4 Nf6 25. Rb1 Qd6 26. Qb6 Rc8 27. Rc1 Ng4 28. Qb7 Rc7 29. Qb6 Ne5 30. Qc5 Rxc6 31. Qxd6 Rxd6 32. f4 Nc6 33. Kf3 Kh7 34. Nb3 Kg6 35. Nc5 Nd4+ 36. Ke3 Nf5+ 37. Kf3 Kf6 38. g4 Ne7 39. Kg3 g6 40. Rd1 Kg7 41. Re1 Nc6 42. f5 gxf5 43. gxf5 Kf6 44. Kf4 Ne7 45. Rd1 Nxf5 46. Nb3 Kg6 47. Ke5 Kg5 48. Rg1+ Kh4 49. Kxf5 Kh3 50. Rd1 Kxh2 51. Ke5 Rd8 52. Kf6 h5 53. Rd4 Kg3 54. Nd2 Rd6+ 55. Ke5 Rh6 56. Nf1+ Kf2 57. Rf4+ Ke1 58. Nh2 Ke2 59. Rxf7 1/2-1/2